| 000 | 00610nam a2200181Ia 4500 | ||
|---|---|---|---|
| 005 | 20250425143907.0 | ||
| 008 | 231217s9999 xx 000 0 und d | ||
| 020 | _a9780750677172 | ||
| 082 | _a621.437 SMI;1 R | ||
| 100 | _aSmith, Peter .ed. Zappe R W | ||
| 245 | 0 | _aValve selection handbook : engineering fundamentals for selecting the right valve design for every industrial flow application | |
| 250 | _a5th ed. | ||
| 260 |
_c2004 _bGulf Professional _aBurlington |
||
| 300 | _axiii+399 | ||
| 500 | _aContent page available | ||
| 650 | _aValve,selection,:,selecting,right,valve,flow | ||
| 942 | _cAA | ||
| 999 |
_c180575 _d180575 |
||